Diccionario de la literatura latinoamericana : Colombia

Αποθηκεύτηκε σε:
Λεπτομέρειες βιβλιογραφικής εγγραφής
Μορφή: Βιβλίο
Γλώσσα:Undetermined
Έκδοση: Washington, Estados Unidos Unión Panamericana 1959
Θέματα:
Ετικέτες: Προσθήκη ετικέτας
Δεν υπάρχουν, Καταχωρήστε ετικέτα πρώτοι!

MARC

LEADER 00000nam a2200000Ia 4500
008 170316s9999 xx 000 0 und d
040 |a cru BVZT 
090 |a REF 
245 |a Diccionario de la literatura latinoamericana : Colombia 
260 |a Washington, Estados Unidos 
260 |b Unión Panamericana 
260 |c 1959 
300 |a 179 páginas 
650 |a REFERENCIA 
942 |c REF 
999 |c 14735  |d 14735